|
|
|
|
| LEADER |
00000nab a22000005a 4500 |
| 001 |
AR-BbUGT8966 |
| 003 |
AR-BbUGT |
| 005 |
20210428101242.0 |
| 007 |
ta |
| 008 |
080930s1995||||ag |||p |||| 0|||||spa d |
| 999 |
|
|
|c 14483
|d 14483
|
| 040 |
|
|
|a AR-BbUGT
|c AR-BbUGT
|
| 100 |
1 |
|
|a Abaleron, Carlos Alberto
|
| 245 |
1 |
0 |
|a Difusión espacial de la pobreza y destrucción del patrimonio natural :
|b las dos caras de una misma moneda
|
| 651 |
|
4 |
|a San Carlos de Bariloche (Argentina)
|9 466
|
| 653 |
|
|
|a Patrimonio Natural
|
| 653 |
|
|
|a Pobreza
|
| 773 |
0 |
|
|o R4117.44
|g Vol. 21, no. 64 (1995), p. 61-74
|t EURE (Santiago. Impresa)
|x 0250-7161
|w AR-BbUGT7085
|
| 942 |
|
|
|2 ddc
|c ARTPP
|